Our cultural fabric: some aspects (Record no. 488339)

000 -LEADER
fixed length control field 00377cam a22001217a 4500
008 - FIXED-LENGTH DATA ELEMENTS--GENERAL INFORMATION
fixed length control field 180718b1980 xxu||||| |||| 00| 0 eng d
082 ## - DEWEY DECIMAL CLASSIFICATION NUMBER
Classification number B11x54 In2
245 ## - TITLE STATEMENT
Title Our cultural fabric: some aspects
Statement of responsibility, etc. edited by P.N. Chopra
260 ## - PUBLICATION, DISTRIBUTION, ETC.
Place of publication, distribution, etc. Delhi
Name of publisher, distributor, etc. The Controller of Publications
Date of publication, distribution, etc. 1980
300 ## - PHYSICAL DESCRIPTION
Extent 57+p.
700 ## - ADDED ENTRY--PERSONAL NAME
Personal name India. Ministry of Education and Culture
700 ## - ADDED ENTRY--PERSONAL NAME
Personal name Chopra, P.N.
Holdings
Withdrawn status Lost status Damaged status Not for loan Permanent Location Current Location Date acquired Full call number Barcode Date last seen Price effective from Koha item type
        Indian Institute of Public Administration Indian Institute of Public Administration 2018-08-04 B11x54 In2 G15361 2018-08-04 2018-08-04 G

Powered by Koha